Capote (Record no. 100474)

MARC details
000 -LEADER
fixed length control field 02625cgm a2200421 a 4500
001 - CONTROL NUMBER
control field vtls003100439
003 - CONTROL NUMBER IDENTIFIER
control field MY-SjTCS
005 - DATE AND TIME OF LATEST TRANSACTION
control field 20200226112855.0
008 - FIXED-LENGTH DATA ELEMENTS--GENERAL INFORMATION
fixed length control field 081124s2006 cau114 000 v|eng d
039 #9 - LEVEL OF BIBLIOGRAPHIC CONTROL AND CODING DETAIL [OBSOLETE]
Level of rules in bibliographic description 200912031515
Level of effort used to assign nonsubject heading access points kevin
Level of effort used to assign subject headings 200811241749
Level of effort used to assign classification VLOAD
-- 200801221407
-- pushpa
082 04 - DEWEY DECIMAL CLASSIFICATION NUMBER
Classification number 791.43
Item number CAP
130 0# - MAIN ENTRY--UNIFORM TITLE
Uniform title Capote (Motion picture)
245 10 - TITLE STATEMENT
Title Capote
Medium [videorecording] /
Statement of responsibility, etc. United Artists and Sony Pictures Classics present an A-Line Pictures/Cooper's Town Productions/Infinity Media production ; directed by Bennett Miller ; screenplay by Dan Futterman ; produced by Caroline Baron ; produced by William Vince and Michael Ohoven.
260 ## - PUBLICATION, DISTRIBUTION, ETC.
Place of publication, distribution, etc. [Culver City, Calif.] :
Name of publisher, distributor, etc. Sony Pictures Home Entertainment,
Date of publication, distribution, etc. c2006.
300 ## - PHYSICAL DESCRIPTION
Extent 1 videodisc (ca. 114 min.) :
Other physical details sd., col. ;
Dimensions 4 3/4 in.
500 ## - GENERAL NOTE
General note Based on the book by Gerald Clarke.
511 1# - PARTICIPANT OR PERFORMER NOTE
Participant or performer note Philip Seymour Hoffman, Catherine Keener, Clifton Collins, Jr., Bruce Greenwood, Bob Balaban, Mark Pellegrino, Chris Cooper.
520 ## - SUMMARY, ETC.
Summary, etc. In 1959, Truman Capote was a popular writer for The New Yorker. He learns about the horrific and senseless murder of a family of four in Halcomb, Kansas. Inspired by the story, Capote and his partner, Harper Lee, travel to the town to do research for an article. However, as Capote digs deeper into the story, he is inspired to expand the project into what would be his greatest work, "In Cold Blood." He arranges extensive interviews with the convicted killers, especially with Perry Smith. However, his feelings of compassion for Perry conflicts with his need for closure for his book which only an execution can provide. That conflict and the mixed motives for both interviewer and subject make for a troubling experience that would produce an literary account that would redefine modern non-fiction.
546 ## - LANGUAGE NOTE
Language note Subtitles in English & Thai.
600 10 - SUBJECT ADDED ENTRY--PERSONAL NAME
Personal name Capote, Truman,
Dates associated with a name 1924-1984
Form subdivision Drama.
600 10 - SUBJECT ADDED ENTRY--PERSONAL NAME
Personal name Smith, Perry Edward,
Dates associated with a name 1928-1965
Form subdivision Drama.
650 #0 - SUBJECT ADDED ENTRY--TOPICAL TERM
Topical term or geographic name entry element Authors, American
Chronological subdivision 20th century
Form subdivision Drama.
650 #0 - SUBJECT ADDED ENTRY--TOPICAL TERM
Topical term or geographic name entry element Murderers
Form subdivision Interviews
-- Drama.
700 1# - ADDED ENTRY--PERSONAL NAME
Personal name Miller, Bennett.
700 1# - ADDED ENTRY--PERSONAL NAME
Personal name Baron, Caroline.
700 1# - ADDED ENTRY--PERSONAL NAME
Personal name Vince, William.
700 1# - ADDED ENTRY--PERSONAL NAME
Personal name Ohoven, Michael.
700 1# - ADDED ENTRY--PERSONAL NAME
Personal name Futterman, Dan,
Dates associated with a name 1967-
700 1# - ADDED ENTRY--PERSONAL NAME
Personal name Hoffman, Philip Seymour,
Dates associated with a name 1967-
700 1# - ADDED ENTRY--PERSONAL NAME
Personal name Keener, Catherine.
9 (RLIN) 28522
710 2# - ADDED ENTRY--CORPORATE NAME
Corporate name or jurisdiction name as entry element United Artists Corporation.
9 (RLIN) 24806
710 2# - ADDED ENTRY--CORPORATE NAME
Corporate name or jurisdiction name as entry element Sony Pictures Classics (Firm)
9 (RLIN) 28523
710 2# - ADDED ENTRY--CORPORATE NAME
Corporate name or jurisdiction name as entry element A-Line Pictures.
710 2# - ADDED ENTRY--CORPORATE NAME
Corporate name or jurisdiction name as entry element Cooper's Town Productions.
710 2# - ADDED ENTRY--CORPORATE NAME
Corporate name or jurisdiction name as entry element Infinity Media (Firm)
710 2# - ADDED ENTRY--CORPORATE NAME
Corporate name or jurisdiction name as entry element Sony Pictures Home Entertainment (Firm)
9 (RLIN) 25908
920 ## - Programme
Programme MCS: DVD200008
Holdings
Withdrawn status Lost status Source of classification or shelving scheme Damaged status Not for loan Home library Current library Date acquired Total Checkouts Barcode Date last seen Date last checked out Copy number Koha item type Public note
    Dewey Decimal Classification     Taylor's Library-TU Taylor's Library-TU 22/01/2008 11 1001008535 05/12/2019 30/03/2015 1 Media Resources SOMAC,09030,02,CL